Sátiras / (Record no. 186535)

MARC details
000 -LEADER
campo de control de longitud fija 00672nam a2200205 i 4500
001 - NÚMERO DE CONTROL
campo de control 186535
003 - IDENTIFICADOR DE NÚMERO DE CONTROL
campo de control SpMaBN
005 - FECHA Y HORA DE LA ÚLTIMA TRANSACCIÓN
campo de control 20260525062938.0
008 - DATOS DE LONGITUD FIJA--INFORMACIÓN GENERAL
campo de control de longitud fija 161123s1965 sp |||| |dspa d
080 ## - NÚMERO DE LA CLASIFICACIÓN DECIMAL UNIVERSAL
Número de la Clasificación Decimal Universal 821.124-17"00"
100 1# - ENTRADA PRINCIPAL--NOMBRE DE PERSONA
Nombre de persona Juvenal, Decio Junio.
9 (RLIN) 67373
245 10 - MENCIÓN DEL TÍTULO
Título Sátiras /
Mención de responsabilidad, etc. Juvenal ; [traducción del latín, introducción y notas de Manuel Balasch Recort].
260 ## - PUBLICACIÓN, DISTRIBUCIÓN, ETC.
Lugar de publicación, distribución, etc. Madrid :
Nombre del editor, distribuidor, etc. Espasa-Calpe,
Fecha de publicación, distribución, etc. 1965.
300 ## - DESCRIPCIÓN FÍSICA
Extensión 157 p. ;
Dimensiones 18 cm.
490 1# - MENCIÓN DE SERIE
Mención de serie Colección austral ;
Designación de volumen o secuencia 1344
700 1# - ENTRADA AGREGADA--NOMBRE PERSONAL
Nombre de persona Balasch, Manuel.
9 (RLIN) 24827
830 0# - PUNTO DE ACCESO ADICIONAL DE SERIE-TÍTULO UNIFORME
Título uniforme Colección austral
Designación de volumen o secuencia 1344
9 (RLIN) 177655
852 ## - LOCALIZACIÓN
Ubicación ES-MaACL
Número de control de estantería L-30880
Nota libre . - Donat. Miguel A. Velasco
Holdings
Estatus retirado Estado de pérdida Estado de daño No para préstamo Biblioteca de origen Biblioteca actual Ubicación en estantería Fecha de adquisición Fuente de adquisición Total de préstamos Signatura topográfica completa Código de barras Visto por última vez Precio de reemplazo Tipo de ítem Koha
        Biblioteca del Ateneo de Madrid Biblioteca del Ateneo de Madrid Depósito 2 23/11/2016     L-30880 1196702 23/02/2023 23/02/2023 Libro impreso